Crime and punishment / (Record no. 125976)

MARC details
000 -LEADER
campo de control de longitud fija 00842nam a22002297a 4500
003 - IDENTIFICADOR DE NÚMERO DE CONTROL
campo de control BJBSDDR
005 - FECHA Y HORA DE LA ÚLTIMA TRANSACCIÓN
campo de control 20251127101242.0
007 - CAMPO FIJO DE DESCRIPCIÓN FÍSICA--INFORMACIÓN GENERAL
campo de control de longitud fija ta
008 - DATOS DE LONGITUD FIJA--INFORMACIÓN GENERAL
campo de control de longitud fija 251127s2025 ||||| |||| 00| 0 eng d
020 ## - NÚMERO INTERNACIONAL ESTÁNDAR DEL LIBRO
Número Internacional Estándar del Libro 9781667209722
020 ## - NÚMERO INTERNACIONAL ESTÁNDAR DEL LIBRO
Número Internacional Estándar del Libro 1667209728
040 ## - FUENTE DE CATALOGACIÓN
Lengua de catalogación spa
Centro/agencia transcriptor BJBSDDR
041 ## - CÓDIGO DE IDIOMA
Código de lengua del texto/banda sonora o título independiente eng
050 ## - SIGNATURA TOPOGRÁFICA DE LA BIBLIOTECA DEL CONGRESO
Número de ítem D724c 2025
100 1# - ENTRADA PRINCIPAL--NOMBRE DE PERSONA
Nombre de persona Dostoyevsky, Fyodor,
Fechas asociadas al nombre 1821-1881
9 (RLIN) 27019
245 10 - MENCIÓN DEL TÍTULO
Título Crime and punishment /
Mención de responsabilidad, etc. Fyodor Dostoyevsky
260 ## - PUBLICACIÓN, DISTRIBUCIÓN, ETC.
Lugar de publicación, distribución, etc. California :
Nombre del editor, distribuidor, etc. Canterbury Classics, an imprint of Printers Row Publishing Group,
Fecha de publicación, distribución, etc. 2025
300 ## - DESCRIPCIÓN FÍSICA
Extensión viii, 517 pages ;
Otras características físicas 20 cm
520 ## - RESUMEN, ETC.
Sumario, etc. What if man is not really a scoundrel, man in general. I mean, the whole race of mankind--then all the rest is prejudice, simply artificial terrors and there are no barriers and it's all as it should be.
942 ## - ELEMENTOS DE ENTRADA SECUNDARIOS (KOHA)
Fuente del sistema de clasificación o colocación Clasificación de Library of Congress
Suprimir en OPAC No
Tipo de ítem Koha Libro
946 ## - PROCESAMIENTO DE INFORMACIÓN LOCAL (OCLC)
Iniciales del agente catalogador cmc
Holdings
Estatus retirado Estado de pérdida Fuente del sistema de clasificación o colocación Estado de daño No para préstamo Colección Biblioteca de origen Biblioteca actual Ubicación en estantería Fecha de adquisición Signatura topográfica completa Código de barras Visto por última vez Copia número Tipo de ítem Koha
    Clasificación de Library of Congress     Automatización y Procesos Técnicos Biblioteca Juan Bosch Biblioteca Juan Bosch Automatización y Procesos Técnicos (1er. Piso) 27/11/2025 D724c 2025 00000196931 27/11/2025 1 Libro